Modvat : Law And Procedures (Record no. 673532)

MARC details
000 -LEADER
fixed length control field 00324nam a2200121Ia 4500
008 - FIXED-LENGTH DATA ELEMENTS--GENERAL INFORMATION
fixed length control field 230717s1999 xx 000 0 und d
020 ## - INTERNATIONAL STANDARD BOOK NUMBER
International Standard Book Number 81-7588-056-2
041 ## - LANGUAGE CODE
Language code of text/sound track or separate title eng
082 ## - DEWEY DECIMAL CLASSIFICATION NUMBER
Classification number 346.07
Item number GUR
100 ## - MAIN ENTRY--PERSONAL NAME
Personal name Gururaj B. N
245 ## - TITLE STATEMENT
Title Modvat : Law And Procedures
260 ## - PUBLICATION, DISTRIBUTION, ETC.
Place of publication, distribution, etc. New Delhi
Name of publisher, distributor, etc. Centax Publications Pvt. Ltd.
Date of publication, distribution, etc. 1999
Holdings
Withdrawn status Lost status Damaged status Not for loan Collection Home library Current library Shelving location Date acquired Cost, normal purchase price Total Checkouts Full call number Barcode Date last seen Price effective from Koha item type
        NLP Social Welfare New Law College, Pune New Law College, Pune NLP-Rack No-134 30/03/2000 350.00   346.07 GUR NLP-NS0188 17/07/2023 17/07/2023 Book